| 000 | 00878cam a2200229 a 4500 | ||
|---|---|---|---|
| 001 | 3509419 | ||
| 005 | 20250908134612.0 | ||
| 008 | 960221s1996 flu 000 0 eng | ||
| 020 | _a0884194248 | ||
| 020 | _a9780884194248 | ||
| 050 | 0 | 0 |
_aBV4509.5 _b.P66 1996 |
| 082 | 0 | 0 |
_a234/.5 _221 |
| 100 | 1 | _aPorter, Phillip. | |
| 245 | 1 | 0 |
_aLet the walls fall down / _cPhillip Porter ; [with W. Terry Whalin ; foreword by Bill McCartney]. |
| 260 |
_aOrlando, Fla. : _bCreation House, _cc1996. |
||
| 300 |
_a178 p. ; _c22 cm. |
||
| 650 | 0 |
_aReconciliation _xReligious aspects _xChristianity. |
|
| 700 | 1 |
_aWhalin, W. Terry _q(Wallace Terry), _d1953- |
|
| 856 | 4 | 2 |
_3Publisher description _uhttp://www.loc.gov/catdir/enhancements/fy1011/95083906-d.html |
| 856 | 4 | 2 |
_3Contributor biographical information _uhttp://www.loc.gov/catdir/enhancements/fy1208/95083906-b.html |
| 942 |
_2lcc _cBK _n0 |
||
| 999 |
_c7476 _d7476 |
||